LEADER 02875nam a2200349Ii 4500 001 991003227869707536 008 070806s2003 enka sb 001 0 eng d 020 $a9781856173957 020 $a185617395X 035 $ab13651870-39ule_inst 040 $aBibl. Dip.le Aggr. Ingegneria Innovazione - Sez. Ingegneria Innovazione$beng 082 04$a620.1723$222 100 1 $aMomber, Andreas W.,$d1959-$042913 245 10$aHydroblasting and coating of steel strucutures$h[e-book] /$cAndreas W. Momber 260 $aOxford, UK ;$aBoston :$bElsevier Advanced Technology,$cc2003 300 $ax, 205 p. :$bill. ;$c24 cm 504 $aIncludes bibliographical references and index 505 0 $aIntroduction -- Basics of Hydroblasting -- Hydroblasting equipment -- Steel Surface Preparation by Hydroblasting -- Surface Quality Aspects -- Hydroblasting Standards -- Alternative Developments in Hydroblasting -- References -- Appendix 520 $aKEY FEATURES: • This technique is growing in importance. • The first comprehensive book in this subject. A practical and comprehensive account of the technology and applications of hydroblasting, a technique used more and more in the preparation of steel and other surfaces. Steel surfaces will corrode unless they are properly prepared and coated. Such corrosion can have disastrous effects (eg bridge collapse) therefore the preparation of the surface is of major importance. Due to environmental pressure to move away from grit-blasting, high-pressure water can now be used to prepare surfaces, with few environmental costs. This book systematically and critically reviews the state of current hydroblasting technology and its applications. The book is essentially practical in nature and is written by an expert in the field 533 $aElectronic reproduction.$bAmsterdam :$cElsevier Science & Technology,$d2007.$nMode of access: World Wide Web.$nSystem requirements: Web browser.$nTitle from title screen (viewed on Aug. 2, 2007).$nAccess may be restricted to users at subscribing institutions 650 0$aSteel, Structural$xCorrosion 650 0$aCorrosion and anti-corrosives 655 7$aElectronic books.$2local 776 1 $cOriginal$z185617395X$z9781856173957$w(DLC) 2002040768$w(OCoLC)50803341 856 40$3Referex$uhttp://www.sciencedirect.com/science/book/9781856173957$zAn electronic book accessible through the World Wide Web; click for information 856 42$zPublisher description$uhttp://catdir.loc.gov/catdir/enhancements/fy0613/2002040768-d.html 856 41$zTable of contents only$uhttp://catdir.loc.gov/catdir/enhancements/fy0613/2002040768-t.html 907 $a.b13651870$b03-03-22$c24-01-08 912 $a991003227869707536 996 $aHydroblasting and coating of steel strucutures$91213334 997 $aUNISALENTO 998 $ale026$b24-01-08$cm$d@ $e-$feng$genk$h0$i0 LEADER 04087nam 22006255 450 001 9910300565603321 005 20230810194424.0 010 $a9783319919355 010 $a3319919350 024 7 $a10.1007/978-3-319-91935-5 035 $a(CKB)4100000005247852 035 $a(DE-He213)978-3-319-91935-5 035 $a(MiAaPQ)EBC5450431 035 $a(Perlego)3491459 035 $a(EXLCZ)994100000005247852 100 $a20180709d2018 u| 0 101 0 $aeng 135 $aurnn|008mamaa 181 $ctxt$2rdacontent 182 $cc$2rdamedia 183 $acr$2rdacarrier 200 10$aState Power and Asylum Seekers in Ireland $eAn Historically Grounded Examination of Contemporary Trends /$fby Steven Loyal, Stephen Quilley 205 $a1st ed. 2018. 210 1$aCham :$cSpringer International Publishing :$cImprint: Palgrave Macmillan,$d2018. 215 $a1 online resource (XIII, 190 p. 3 illus.) 311 08$a9783319919348 311 08$a3319919342 320 $aIncludes bibliographical references and index. 327 $a1. Introduction -- 2. Theoretical Framework and Core Concepts -- 3. Explanatory Logics -- 4. Historical Precedents -- 5. Processing Asylum Seekers -- 6. The Direct Provision Regime -- 7. Deportation and Expulsion: Closing Borders, Defending Sovereignty -- 8. Defending Citizenship, Reasserting Sovereignty -- 9. Conclusion. . 330 $a 'Readers will benefit hugely from this original and timely sociological analysis of nation states' responses to asylum seekers. Loyal and Quilley provide a socio-historical awareness that is often missing from public debate. Focusing on the case of Ireland, they develop a sophisticated analytical framework of broader significance. A much-needed book that deserves to be widely discussed within and beyond academia.' -Rubén Flores, Assistant Professor of Sociology, Higher School of Economics, Russia 'Migration is an emotive and politically explosive topic, but Loyal and Quilley stand back and detachedly set it in historical and global context. They focus especially on Ireland, which went abruptly from nearly two centuries of being a land from which people emigrated to being one to which they immigrated in substantial numbers. This makes for a fascinating case study of international interest.' -Stephen Mennell, Professor Emeritus of Sociology, University College Dublin, Ireland Detailing the reception, treatment and sometimes, eventual deportation, of asylum seekers in Ireland, Loyal and Quilley discuss contemporary immigration issues in light of the overall social, historical, and economic development of Irish society and state immigration policy. State Power and Asylum Seekers in Ireland will interest scholars and students of historical sociology, sociological theory and social policy, political sociology, migration and the psycho-social experience of asylum seekers. Steven Loyal is Associate Professor in the School of Sociology at University College Dublin, Ireland. Stephen Quilley is Associate Professor of Social and Ecological Innovation at the University of Waterloo, Canada. 606 $aPolitical sociology 606 $aSocial structure 606 $aEquality 606 $aEmigration and immigration 606 $aGreat Britain$xHistory 606 $aPolitical Sociology 606 $aSocial Structure 606 $aHuman Migration 606 $aHistory of Britain and Ireland 615 0$aPolitical sociology. 615 0$aSocial structure. 615 0$aEquality. 615 0$aEmigration and immigration. 615 0$aGreat Britain$xHistory. 615 14$aPolitical Sociology. 615 24$aSocial Structure. 615 24$aHuman Migration. 615 24$aHistory of Britain and Ireland. 676 $a341.486 700 $aLoyal$b Steven$4aut$4http://id.loc.gov/vocabulary/relators/aut$0476416 702 $aQuilley$b Stephen$4aut$4http://id.loc.gov/vocabulary/relators/aut 906 $aBOOK 912 $a9910300565603321 996 $aState Power and Asylum Seekers in Ireland$92296079 997 $aUNINA